=LDR 00000nam 2200000 4500 =001 INLIS000000000047469 =005 20151203165041.0 =006 =007 =008 =035 ##$$0010-121500000000010 =082 ##$$a 372.83 =090 ##$$a 372.83 dia i =100 ##$$a dian ismayawati =245 ##$$a ilmu pengetahuan sosial =260 ##$$a dian rakyat =300 ##$$a hln.118 =850 ##$$a NPBMAT =990 ##$$a 0001/BPAP-NTB/2015